Karma Sutras - Leadership and Wisdom in Uncertain Times (Record no. 96983)

MARC details
000 -LEADER
fixed length control field 00597nam a2200229Ia 4500
005 - DATE AND TIME OF LATEST TRANSACTION
control field 20230301174544.0
008 - FIXED-LENGTH DATA ELEMENTS--GENERAL INFORMATION
fixed length control field 230125s9999 xx 000 0 und d
020 ## - INTERNATIONAL STANDARD BOOK NUMBER
International Standard Book Number 978-93-5388-695-0
041 ## - LANGUAGE CODE
Language code of text/sound track or separate title eng
082 ## - DEWEY DECIMAL CLASSIFICATION NUMBER
Classification number 658.4092
Item number CHA
100 ## - MAIN ENTRY--PERSONAL NAME
Author Chatterjee D
245 ## - TITLE STATEMENT
Title Karma Sutras - Leadership and Wisdom in Uncertain Times
250 ## - EDITION STATEMENT
Edition statement 1st Ed.
260 ## - PUBLICATION, DISTRIBUTION, ETC.
Date of publication, distribution, etc. 2021
Name of publisher, distributor, etc. Sage publication
Place of publication, distribution, etc. New Delhi
300 ## - PHYSICAL DESCRIPTION
Extent 189p
500 ## - GENERAL NOTE
Keywords Leadership
650 ## - SUBJECT ADDED ENTRY--TOPICAL TERM
Topical term or geographic name entry element Leadership
700 ## - ADDED ENTRY--PERSONAL NAME
Personal name Chatterjee D
942 ## - ADDED ENTRY ELEMENTS (KOHA)
Koha item type Books
906 ## - LOCAL DATA ELEMENT F, LDF (RLIN)
b 121.5
Holdings
Withdrawn status Lost status Damaged status Not for loan Home library Current library Date acquired Vendor Net Price Bill number Total Checkouts Full call number Barcode Date last seen Actual Price Bill Date Koha item type Original Barcode
        Smt. Hiraben Nanavati Institute of Management & Research for Women Smt. Hiraben Nanavati Institute of Management & Research for Women 10/03/2022 Pritam Book Centre 450.00 325   658.4092 CHA B22313 HIMR-BK-22313 25/01/2023 328.50 04/03/2022 Books B22313
        Smt. Hiraben Nanavati Institute of Management & Research for Women Smt. Hiraben Nanavati Institute of Management & Research for Women 10/03/2022 Pritam Book Centre 450.00 325   658.4092 CHA B22314 HIMR-BK-22314 25/01/2023 328.50 04/03/2022 Books B22314